5 Most populous cities on Missouri river and Mississippi River - Statistics

General Stats
  • This quiz has been taken 67 times
    65 since last reset
  • The average score is 6 of 10
Answer Stats
Pop Answer % Correct
311853 New Orleans
93%
354561 St Louis
91%
669651 Memphis
82%
382605 Minneapolis
76%
475830 Kansas City
69%
146866 Kansas City
69%
279590 St Paul
69%
438646 Omaha
56%
82807 Sioux City
24%
121369 Independence
11%
No matching quizzes found
Score Distribution
Percent of People with Each Score
Percentile by Number Answered
Your Score History
You have not taken this quiz since the last reset